[Event "Masters' trophy"]
[Site "Brussels"]
[Date "1987.12.??"]
[Round "1"]
[White "Dutreeuw, Marc"]
[Black "Kerkhof, Philippe"]
[Result "0-1"]
[WhiteElo "2400"]
[BlackElo "2250"]
[Source "365chess.com"]
[EventDate "1987.12.20"]

1. e4 d6 2. d4 Nf6 3. Nc3 g6 4. Nf3 Bg7 5. Be2 O-O 6. O-O Bg4 7. Be3 Nc6 8. Qd3
e5 9. d5 Ne7 10. Nd2 Bxe2 11. Nxe2 Ng4 12. f3 Nxe3 13. Qxe3 c6 14. dxc6 bxc6
15. c4 f5 16. Rad1 Qc7 17. Nb3 Rad8 18. Rd3 fxe4 19. fxe4 Rxf1+ 20. Kxf1 d5
21. cxd5 cxd5 22. exd5 Rxd5 23. Rxd5 Nxd5 24. Qe4 Qf7+ 25. Ke1 h5 26. Nd2 Nb6
27. Nc3 Bh6 28. Nf3 Bg7 29. Nxe5 Qe8 30. Nxg6 Bxc3+ 0-1

[Event "Masters' trophy"]
[Site "Brussels"]
[Date "1987.12.??"]
[Round "1"]
[White "Flear, Christine"]
[Black "Boey, Jozef Martin"]
[Result "0-1"]
[WhiteElo "2220"]
[BlackElo "2390"]
[WhiteTitle "WIM"]
[Source "365chess.com"]
[EventDate "1987.12.20"]
[BlackTitle "IM"]

1. d4 d5 2. c4 Nc6 3. Nc3 e5 4. cxd5 Nxd4 5. e3 Nf5 6. Nf3 f6 7. e4 Nfh6 8. Bc4
Bd6 9. O-O a6 10. h3 Nf7 11. Nh4 Ne7 12. a4 g5 13. Nf3 Ng6 14. Re1 Bd7 15. Nh2
Nf4 16. h4 Rg8 17. hxg5 Nxg5 18. g3 Qe7 19. gxf4 Nf3+ 20. Kh1 Nxe1 21. Qh5+ Qf7
22. Qxf7+ Kxf7 23. Bd2 Nc2 24. Rc1 Nd4 25. fxe5 fxe5 26. Rf1 Bh3 0-1

[Event "Masters' trophy"]
[Site "Brussels"]
[Date "1987.12.??"]
[Round "1"]
[White "Geenen, Marc"]
[Black "Piket, Jeroen"]
[Result "0-1"]
[WhiteElo "2295"]
[BlackElo "2450"]
[Source "365chess.com"]
[EventDate "1987.12.20"]
[BlackTitle "IM"]

1. e4 c5 2. Nf3 d6 3. d4 cxd4 4. Nxd4 Nf6 5. Nc3 Nc6 6. Bg5 e6 7. Qd2 Be7
8. O-O-O O-O 9. Nb3 Qb6 10. h4 Rd8 11. f3 d5 12. exd5 Nxd5 13. Bxe7 Ncxe7 14. h5
h6 15. Nxd5 Rxd5 16. Bd3 a5 17. c4 Rd7 18. Qc3 a4 19. Nd2 a3 20. b3 Ra5 21. g4
Nc6 22. Bb1 Nb4 23. Ne4 Rad5 24. Rxd5 exd5 25. Ng3 Re7 26. Re1 Qa5 27. Kd1 Rxe1+
28. Qxe1 Be6 29. Qd2 dxc4 30. bxc4 Bxc4 31. Nf5 Nc6 32. Nxh6+ gxh6 33. Qxh6 Qd5+
34. Kc1 Bd3 35. Bxd3 Qxd3 36. Qg5+ Kh7 37. h6 Qc3+ 38. Kd1 Qa1+ 39. Kd2 Qxa2+
40. Kd1 Qb1+ 41. Kd2 0-1

[Event "Masters' trophy"]
[Site "Brussels"]
[Date "1987.12.??"]
[Round "1"]
[White "Kouatly, Bachar"]
[Black "Hergott, Deen"]
[Result "1/2-1/2"]
[WhiteElo "2470"]
[BlackElo "2305"]
[WhiteTitle "IM"]
[Source "365chess.com"]
[EventDate "1987.12.20"]

1. d4 Nf6 2. c4 e6 3. Nc3 Bb4 4. g3 c5 5. Nf3 cxd4 6. Nxd4 Ne4 7. Qd3 Qa5
8. Nb3 Qf5 9. Qe3 Nxc3 10. bxc3 Be7 11. Bg2 O-O 12. O-O Nc6 13. c5 Rb8 14. Rd1
b6 15. Qf4 Qxf4 16. Bxf4 e5 17. Be3 Rd8 18. Rd2 bxc5 19. Bxc5 Bxc5 20. Bxc6 Bb6
21. Rad1 Ba6 22. Bxd7 Bc4 23. e3 Kf8 24. h4 Ke7 25. Bf5 Rxd2 26. Rxd2 Rd8
27. Rxd8 Bxd8 28. Bb1 Bxb3 29. axb3 g6 30. Kf1 f5 31. Ke2 e4 32. Kd2 Kd6 33. b4
a5 34. Ba2 h6 35. Bf7 g5 36. hxg5 hxg5 37. Kc2 axb4 38. cxb4 Bb6 39. Kc3 f4
40. gxf4 gxf4 41. exf4 Bxf2 42. Kc4 1/2-1/2

[Event "Masters' trophy"]
[Site "Brussels"]
[Date "1987.12.??"]
[Round "1"]
[White "Kudrin, Sergey"]
[Black "Weemaes, Ronald"]
[Result "1-0"]
[WhiteElo "2515"]
[BlackElo "2340"]
[WhiteTitle "GM"]
[Source "365chess.com"]
[EventDate "1987.12.20"]
[BlackTitle "FM"]

1. e4 e5 2. Nf3 Nc6 3. Bc4 Nf6 4. d3 Be7 5. O-O O-O 6. Bb3 d6 7. c3 Bg4 8. Nbd2
Nh5 9. h3 Bd7 10. Re1 Nf4 11. Nf1 Kh8 12. Ng3 f5 13. exf5 Bxf5 14. Bxf4 exf4
15. Nxf5 Rxf5 16. d4 Rf8 17. Qd3 Bf6 18. Re4 g5 19. Qb5 a6 20. Qxb7 Na5 21. Qd5
c6 22. Qe6 d5 23. Re2 Re8 24. Qxe8+ Qxe8 25. Rxe8+ Rxe8 26. Re1 Rxe1+ 27. Nxe1
Nxb3 28. axb3 Kg7 29. Nd3 Be7 30. Kf1 1-0

[Event "Masters' trophy"]
[Site "Brussels"]
[Date "1987.12.??"]
[Round "1"]
[White "Pergericht, Daniel"]
[Black "Karólyi, Tibor"]
[Result "1/2-1/2"]
[WhiteElo "2260"]
[BlackElo "2435"]
[WhiteTitle "FM"]
[Source "365chess.com"]
[EventDate "1987.12.20"]
[BlackTitle "IM"]

1. d4 d5 2. c4 dxc4 3. Nf3 Nf6 4. e3 e6 5. Bxc4 c5 6. O-O a6 7. Qe2 b5 8. Bd3
Nc6 9. a4 bxa4 10. Bc2 Bd7 11. Bxa4 Qc7 12. Nc3 Bd6 13. dxc5 Bxc5 14. Qc4 Na5
15. Bxd7+ Nxd7 16. Qa4 Nc6 17. Ne4 O-O 18. Bd2 Qb6 19. Bc3 Be7 1/2-1/2

[Event "Masters' trophy"]
[Site "Brussels"]
[Date "1987.12.??"]
[Round "1"]
[White "Polaczek, Richard"]
[Black "Gutman, Lev"]
[Result "0-1"]
[WhiteElo "2305"]
[BlackElo "2475"]
[Source "365chess.com"]
[EventDate "1987.12.20"]
[BlackTitle "GM"]

1. e4 c5 2. Nf3 d6 3. d4 cxd4 4. Nxd4 Nf6 5. Nc3 e6 6. Bd3 Be7 7. O-O O-O
8. Kh1 Nc6 9. Nde2 Ne5 10. Ng3 Nxd3 11. cxd3 d5 12. Bf4 b6 13. Rc1 dxe4 14. dxe4
Ba6 15. Re1 Qxd1 16. Rexd1 Rfd8 17. Rxd8+ Rxd8 18. Rd1 Rxd1+ 19. Nxd1 Nd7
20. Kg1 Bc4 21. b3 Bd3 22. Bd2 b5 23. Nc3 Nf6 24. Be3 a6 25. f3 h5 26. Nce2 b4
27. Nc1 Bb5 28. Nge2 e5 29. Ng3 g6 30. Nf1 h4 31. Nd2 Nh5 32. Nc4 f6 33. Nd3 Kf7
34. Bd2 Bxc4 35. bxc4 a5 36. Kf2 Ke6 37. g3 hxg3+ 38. hxg3 Kd7 39. Be1 Ng7
40. f4 exf4 41. gxf4 Ne6 42. Ke3 Nc5 43. f5 Nxd3 44. Kxd3 g5 45. e5 fxe5 46. Ke4
g4 47. Bf2 a4 48. Be1 Bd6 49. Bf2 Kc6 50. Be3 g3 51. Kf3 b3 52. axb3 axb3
53. Bc1 e4+ 54. Kg2 Be5 0-1

[Event "Masters' trophy"]
[Site "Brussels"]
[Date "1987.12.??"]
[Round "1"]
[White "Rajković, Dušan"]
[Black "Scholz Solis, Guillermo"]
[Result "1/2-1/2"]
[WhiteElo "2480"]
[BlackElo "2310"]
[WhiteTitle "GM"]
[Source "365chess.com"]
[EventDate "1987.12.20"]
[BlackTitle "FM"]

1. d4 Nf6 2. c4 e6 3. Nf3 b6 4. g3 Ba6 5. Qb3 c6 6. Bg2 Be7 7. Nc3 d5 8. cxd5
cxd5 9. Ne5 O-O 10. Bf4 Bb7 11. Rc1 Nc6 12. Nxc6 Bxc6 13. O-O Qd7 14. Rfd1 Rfc8
15. a3 h6 16. Qc2 Ne8 17. Qd3 Nd6 18. Bxd6 Qxd6 19. Rc2 Rc7 20. Rdc1 Rac8 21. e3
Qd7 22. Bf1 Bd6 23. Qd2 Ba4 1/2-1/2

[Event "Masters' trophy"]
[Site "Brussels"]
[Date "1987.12.??"]
[Round "1"]
[White "Sharif, Mehrshad"]
[Black "Penson, Thierry"]
[Result "1-0"]
[WhiteElo "2440"]
[BlackElo "2265"]
[WhiteTitle "IM"]
[Source "365chess.com"]
[EventDate "1987.12.20"]

1. e4 c5 2. Nf3 Nc6 3. Bb5 g6 4. O-O Bg7 5. c3 Nf6 6. Re1 O-O 7. d4 cxd4
8. cxd4 d5 9. e5 Ne4 10. Bxc6 bxc6 11. Nbd2 c5 12. dxc5 Nxc5 13. Nb3 Nxb3
14. Qxb3 Bg4 15. Nd4 Rc8 16. h3 Rc4 17. Qd3 Bd7 18. b3 Rc7 19. Bg5 Re8 20. Rad1
Qc8 21. Qg3 Rc3 22. Qh4 e6 23. Bf6 Bxf6 24. exf6 Qc5 25. Nf3 Rc2 26. Rd4 Qf8
27. Ne5 Rd8 28. Rb4 Rc7 29. Rg4 Rdc8 30. Qg5 h6 31. Qe3 Be8 32. Rh4 Kh7 33. Ng4
h5 34. Qg5 Qh8 35. Rxh5+ gxh5 36. Re5 1-0

[Event "Masters' trophy"]
[Site "Brussels"]
[Date "1987.12.??"]
[Round "2"]
[White "Flear, Glenn Curtis"]
[Black "Polaczek, Richard"]
[Result "1-0"]
[WhiteElo "2480"]
[BlackElo "2305"]
[WhiteTitle "GM"]
[Source "365chess.com"]
[EventDate "1987.12.20"]

1. d4 Nf6 2. c4 e6 3. Nf3 Bb4+ 4. Nbd2 O-O 5. a3 Bxd2+ 6. Bxd2 Ne4 7. Bf4 a5
8. e3 b6 9. Bd3 Bb7 10. Qc2 f5 11. O-O-O d6 12. Rhg1 Qe7 13. g4 Nc3 14. bxc3
Bxf3 15. gxf5 Bxd1 16. Kxd1 Nd7 17. fxe6 Qxe6 18. Be4 Nf6 19. Bxa8 Rxa8 20. d5
Qd7 21. Bg5 Rf8 22. Bxf6 Rxf6 23. f4 Qe8 24. Rg3 Rh6 25. Kc1 b5 26. cxb5 Qxb5
27. c4 Qc5 28. Qc3 g6 29. f5 Rh4 30. Kd2 Rxh2+ 31. Kd3 Qb6 32. Rg1 Rh3 33. Ke4
Qb8 34. Qf6 Qb3 35. Qe6+ Kf8 36. Qc8+ Ke7 37. f6+ Kxf6 38. Qf8# 1-0

[Event "Masters' trophy"]
[Site "Brussels"]
[Date "1987.12.??"]
[Round "2"]
[White "Gutman, Lev"]
[Black "Carlier, Bruno"]
[Result "1/2-1/2"]
[WhiteElo "2475"]
[BlackElo "2380"]
[WhiteTitle "GM"]
[Source "365chess.com"]
[EventDate "1987.12.20"]
[BlackTitle "FM"]

1. Nf3 Nf6 2. g3 d5 3. Bg2 c6 4. O-O Bg4 5. d3 e6 6. Qe1 Be7 7. e4 O-O 8. Kh1
Bh5 9. Nbd2 a5 10. a3 a4 11. Ng1 dxe4 12. dxe4 e5 13. f4 exf4 14. gxf4 Nbd7
15. Ne2 Bxe2 16. Qxe2 Re8 17. e5 Nd5 18. Ne4 f5 19. Ng3 g6 20. Bd2 Nc5 21. Rad1
Qb6 22. Bc1 Nc7 23. Qc4+ N7e6 24. Be3 Qc7 25. Ne2 Bf8 26. Bxc5 Bxc5 27. Nd4 Bxd4
28. Rxd4 Rad8 29. Rxd8 Qxd8 30. Qxa4 Kg7 31. Qb4 Re7 32. a4 Rd7 33. a5 Kh6
34. Qc4 Qe7 35. a6 bxa6 36. Qxa6 Rd4 37. Qxc6 Rxf4 38. Rxf4 Nxf4 39. Qf6 Qc5
40. Qh4+ Nh5 41. Bf3 Qxe5 42. b4 f4 43. Kg1 Kg7 44. Bxh5 gxh5 45. Qf2 h4
46. Qa7+ Kg8 47. Qa8+ Kg7 48. Qb7+ Kg8 49. Kf1 Qd4 50. Qc8+ Kg7 51. Qg4+ Kh8
52. b5 h3 53. Qe2 Qd5 54. Ke1 Qh1+ 55. Kd2 Qd5+ 56. Kc3 f3 57. Qe3 Kg7 58. b6
Kf6 59. Qh6+ Ke5 60. Qg5+ Ke4 61. Qxd5+ Kxd5 62. b7 f2 63. b8=Q f1=Q 64. Qb7+
Kd6 65. Qxh7 Qg2 66. Qh8 Qc6+ 1/2-1/2

[Event "Masters' trophy"]
[Site "Brussels"]
[Date "1987.12.??"]
[Round "2"]
[White "Kerkhof, Philippe"]
[Black "Rajković, Dušan"]
[Result "0-1"]
[WhiteElo "2250"]
[BlackElo "2480"]
[Source "365chess.com"]
[EventDate "1987.12.20"]
[BlackTitle "GM"]

1. e4 c5 2. Nf3 Nc6 3. c3 e6 4. d4 d5 5. e5 Bd7 6. g3 Qb6 7. a3 Rc8 8. dxc5
Bxc5 9. Qe2 a5 10. a4 f6 11. exf6 Nxf6 12. Bg2 O-O 13. O-O Rce8 14. Be3 Bxe3
15. fxe3 e5 16. Na3 e4 17. Nd4 Nxd4 18. cxd4 Bxa4 19. Nc4 Qb5 0-1

[Event "Masters' trophy"]
[Site "Brussels"]
[Date "1987.12.??"]
[Round "2"]
[White "Penson, Thierry"]
[Black "Jadoul, Michel"]
[Result "1/2-1/2"]
[WhiteElo "2265"]
[BlackElo "2340"]
[Source "365chess.com"]
[EventDate "1987.12.20"]
[BlackTitle "IM"]

1. e4 c5 2. Ne2 e6 3. Nbc3 Nc6 4. g3 d6 5. Bg2 Bd7 6. O-O Nf6 7. f4 Rc8 8. h3
Qc7 9. g4 h6 10. Ng3 Be7 11. d3 Nh7 12. f5 Bf6 13. Nh5 Be5 14. Ne2 g6 15. Nhf4
Ne7 16. c3 Bg7 17. Ng3 O-O 18. Nfe2 d5 19. Bf4 Qb6 20. Qd2 g5 21. Be3 d4 22. Bf2
Be5 23. Nh5 Qd6 24. c4 Kh8 25. Bf3 Ng8 26. Kg2 Ngf6 27. Nxf6 Nxf6 28. Rh1 Rg8
29. Rag1 Kg7 30. h4 Kf8 31. hxg5 hxg5 32. Ng3 1/2-1/2

[Event "Masters' trophy"]
[Site "Brussels"]
[Date "1987.12.??"]
[Round "2"]
[White "Scholz Solis, Guillermo"]
[Black "Kouatly, Bachar"]
[Result "1/2-1/2"]
[WhiteElo "2310"]
[BlackElo "2470"]
[WhiteTitle "FM"]
[Source "365chess.com"]
[EventDate "1987.12.20"]
[BlackTitle "IM"]

1. Nf3 Nf6 2. c4 g6 3. b3 Bg7 4. Bb2 O-O 5. g3 d6 6. Bg2 e5 7. O-O e4 8. Ne1
Re8 9. Nc2 Nc6 10. Nc3 a6 11. Rb1 Bd7 12. Ba1 b5 13. Nd5 Rb8 14. Nce3 Nxd5
1/2-1/2

[Event "Masters' trophy"]
[Site "Brussels"]
[Date "1987.12.??"]
[Round "2"]
[White "Van Houtte, Thierry"]
[Black "Flear, Christine"]
[Result "1/2-1/2"]
[WhiteElo "2310"]
[BlackElo "2220"]
[Source "365chess.com"]
[EventDate "1987.12.20"]
[BlackTitle "WIM"]

1. e4 e5 2. Nf3 Nc6 3. Nc3 Nf6 4. d4 exd4 5. Nxd4 Bb4 6. Nxc6 bxc6 7. Bd3 d5
8. exd5 Qe7+ 9. Qe2 Qxe2+ 10. Kxe2 cxd5 11. Nb5 Ba5 12. Bf4 c5 13. Bc7 Bxc7
14. Nxc7+ Kd8 15. Nxa8 c4 16. Bxc4 dxc4 17. Rhd1+ Nd7 18. Rd4 Re8+ 19. Kf1 Bb7
20. Rad1 Re7 21. f3 Bxa8 22. Rxc4 Bb7 23. Ra4 a6 24. Rad4 Kc7 25. b4 Bc6 26. Kf2
Nb6 27. c4 Rd7 28. Rxd7+ Bxd7 29. c5 Na4 30. Rd6 Bb5 31. Rd2 Nc3 32. Ke3 Bd7
33. Kd4 Nb5+ 34. Ke5 Na3 35. Kd4 Be6 36. Re2 Kc6 37. Kc3 Nb5+ 38. Kd3 Na3
39. Kc3 Nb5+ 40. Kd3 Kd5 41. Rd2 1/2-1/2

[Event "Masters' trophy"]
[Site "Brussels"]
[Date "1987.12.??"]
[Round "3"]
[White "Dutreeuw, Marc"]
[Black "Scholz Solis, Guillermo"]
[Result "1-0"]
[WhiteElo "2400"]
[BlackElo "2310"]
[Source "365chess.com"]
[EventDate "1987.12.20"]
[BlackTitle "FM"]

1. e4 e5 2. Nf3 Nc6 3. Bb5 a6 4. Ba4 Nf6 5. O-O Be7 6. Re1 b5 7. Bb3 d6 8. c3
O-O 9. h3 Nb8 10. d4 Nbd7 11. Nbd2 Bb7 12. Bc2 Re8 13. b4 Bf8 14. a4 Nb6 15. a5
Nbd7 16. Bb2 Rb8 17. Qb1 g6 18. Qa2 Bh6 19. Rad1 Qe7 20. c4 bxc4 21. dxe5 Nxe5
22. Nxe5 dxe5 23. Nxc4 Qxb4 24. Bxe5 Qe7 25. Bc3 Bg7 26. Ne5 Rf8 27. Qc4 c5
28. f3 Qc7 29. Nd3 Rbc8 30. Bb3 Nh5 31. e5 Ng3 32. Nb2 Nf5 33. Na4 Nd4 34. Nb6
Nxb3 35. Nxc8 Nxa5 36. Bxa5 Qxc8 37. Bb6 Re8 38. Rd6 Bf8 39. Rf6 Qd7 40. Qf4 Bg7
41. Rd6 Qc8 42. Qc4 Qf5 43. f4 h5 44. Red1 g5 45. Rf1 Kh7 46. Bd8 g4 47. Bf6
gxh3 48. Qxf7 1-0

[Event "Masters' trophy"]
[Site "Brussels"]
[Date "1987.12.??"]
[Round "3"]
[White "Flear, Christine"]
[Black "Weemaes, Ronald"]
[Result "0-1"]
[WhiteElo "2220"]
[BlackElo "2340"]
[WhiteTitle "WIM"]
[Source "365chess.com"]
[EventDate "1987.12.20"]
[BlackTitle "FM"]

1. d4 Nf6 2. c4 c5 3. d5 b5 4. cxb5 a6 5. e3 axb5 6. Bxb5 Ba6 7. Nc3 Bxb5
8. Nxb5 Qa5+ 9. Nc3 g6 10. Ne2 d6 11. O-O Bg7 12. a4 O-O 13. Bd2 Qb6 14. Rb1 Na6
15. e4 Rfb8 16. Nf4 Qb3 17. Qe2 Nd7 18. Nd3 Nb4 19. Nc1 Qc2 20. Be1 Nb6 21. Qxc2
Nxc2 22. N1e2 Nxa4 23. Bd2 Nxb2 24. Rfc1 Nd4 25. Kf1 Nd3 26. Rd1 Nb2 27. Rdc1
Kf8 28. Nxd4 Bxd4 29. Ke2 Ke8 30. Be3 Bxe3 31. Kxe3 Kd7 32. h4 h6 33. g4 g5
34. hxg5 hxg5 35. Rh1 Nc4+ 36. Ke2 Rb4 37. f3 Ra3 38. Rbc1 Rb2+ 39. Kd3 Rd2+
40. Kxc4 Rd4+ 0-1

[Event "Masters' trophy"]
[Site "Brussels"]
[Date "1987.12.??"]
[Round "3"]
[White "Geenen, Marc"]
[Black "Flear, Glenn Curtis"]
[Result "1/2-1/2"]
[WhiteElo "2295"]
[BlackElo "2480"]
[Source "365chess.com"]
[EventDate "1987.12.20"]
[BlackTitle "GM"]

1. e4 e5 2. Nf3 Nc6 3. Bb5 Nf6 4. O-O Nxe4 5. d4 Be7 6. Qe2 Nd6 7. Bxc6 bxc6
8. dxe5 Nf5 9. Qe4 g6 10. b3 O-O 11. Bb2 a5 12. Nbd2 a4 13. Rfd1 a3 14. Bc3 Bb7
15. Qf4 c5 16. Ne4 Bxe4 17. Qxe4 Ng7 18. Rd3 1/2-1/2

[Event "Masters' trophy"]
[Site "Brussels"]
[Date "1987.12.??"]
[Round "3"]
[White "Kouatly, Bachar"]
[Black "Kerkhof, Philippe"]
[Result "1-0"]
[WhiteElo "2470"]
[BlackElo "2250"]
[WhiteTitle "IM"]
[Source "365chess.com"]
[EventDate "1987.12.20"]

1. d4 Nf6 2. c4 c5 3. d5 b5 4. cxb5 a6 5. e3 axb5 6. Bxb5 Qa5+ 7. Nc3 Bb7
8. Ne2 Nxd5 9. O-O Nxc3 10. Nxc3 g6 11. Qb3 Bc6 12. Bd2 Bg7 13. Nd5 Qa7 14. Bc3
Bxd5 15. Qxd5 Bxc3 16. bxc3 O-O 17. h4 d6 18. Qg5 Qa5 19. a4 Qd8 20. Rfd1 Na6
21. e4 Nc7 22. Bc4 e6 23. Qg3 d5 24. exd5 Nxd5 25. h5 Qe8 26. a5 Nf6 27. h6 Qe7
28. Qe5 Rfd8 29. a6 Rxd1+ 30. Rxd1 Ne8 31. Bb5 f6 32. Qe4 Rd8 33. Rxd8 1-0

[Event "Masters' trophy"]
[Site "Brussels"]
[Date "1987.12.??"]
[Round "3"]
[White "Pein, Malcolm Bernard"]
[Black "Boey, Jozef Martin"]
[Result "0-1"]
[WhiteElo "2385"]
[BlackElo "2390"]
[WhiteTitle "IM"]
[Source "365chess.com"]
[EventDate "1987.12.20"]
[BlackTitle "IM"]

1. Nf3 Nc6 2. d4 d5 3. c4 Bg4 4. Nc3 e6 5. Bf4 Bb4 6. Ne5 Nxe5 7. Bxe5 Bxc3+
8. bxc3 f6 9. Bg3 Ne7 10. Rb1 b6 11. Qa4+ c6 12. e3 Bf5 13. Rc1 O-O 14. cxd5 b5
15. Qb3 exd5 16. Be2 Kh8 17. a4 a6 18. Ra1 Qd7 19. O-O Be6 20. Qa3 Nf5 21. axb5
Nxg3 22. hxg3 cxb5 23. Qb4 Rfb8 24. Ra5 Bg4 25. Bxg4 Qxg4 26. Qd6 Qc8 27. Rc1
Ra7 28. Qxd5 Rc7 29. Rca1 Rxc3 30. Rxa6 b4 31. Qd6 Rc7 32. Rb1 b3 33. Kh2 b2
34. Rb6 Rxb6 35. Qxb6 Rb7 36. Qa6 Qb8 37. Qd3 h5 38. Kg1 Rb3 39. Qd2 Qb5 40. Kh2
Kg8 41. Qc2 f5 42. Qd2 Kf7 43. Qd1 Ke6 44. Qd2 g6 45. Qc2 Kf6 46. Kg1 Ke6
47. Qd2 Kd5 48. f3 Kd6 49. e4 Qb4 50. Qf4+ Kc6 51. d5+ Kb5 52. Qb8+ Kc4 53. Qc8+
Qc5+ 54. Qxc5+ Kxc5 55. d6 Kxd6 56. exf5 gxf5 57. Kf2 Kc5 58. Ke2 Kb4 59. Kd2
Ka3 60. Kc2 Ka2 0-1

[Event "Masters' trophy"]
[Site "Brussels"]
[Date "1987.12.??"]
[Round "3"]
[White "Pergericht, Daniel"]
[Black "Penson, Thierry"]
[Result "1-0"]
[WhiteElo "2260"]
[BlackElo "2265"]
[WhiteTitle "FM"]
[Source "365chess.com"]
[EventDate "1987.12.20"]

1. d4 Nf6 2. c4 c5 3. d5 Ne4 4. Nf3 g6 5. e3 Bg7 6. Bd3 Qa5+ 7. Nfd2 Nxd2
8. Bxd2 Qd8 9. Bc3 Bxc3+ 10. Nxc3 d6 11. O-O Nd7 12. f4 O-O 13. e4 b6 14. Qd2 a6
15. Rae1 Ra7 16. e5 dxe5 17. fxe5 f6 18. exf6 exf6 19. Ne4 f5 20. Ng5 Nf6
21. Nf3 b5 22. Ne5 1-0

[Event "Masters' trophy"]
[Site "Brussels"]
[Date "1987.12.??"]
[Round "4"]
[White "Fedorowicz, John Peter"]
[Black "Carlier, Bruno"]
[Result "1/2-1/2"]
[WhiteElo "2520"]
[BlackElo "2380"]
[WhiteTitle "GM"]
[Source "365chess.com"]
[EventDate "1987.12.20"]
[BlackTitle "FM"]

1. d4 Nf6 2. c4 e6 3. Nc3 Bb4 4. e3 c5 5. Bd3 Nc6 6. Ne2 cxd4 7. exd4 d5
8. cxd5 Qxd5 9. O-O Qh5 10. Ne4 Be7 11. Nxf6+ Bxf6 12. Be3 O-O 13. Rc1 Nb4
14. Be4 Nd5 15. Qd3 Bd7 16. Bf3 Qg6 17. Qxg6 hxg6 18. Bxd5 exd5 19. Nf4 Bc6
20. Nd3 a5 21. Rfd1 Rfc8 22. Ne5 Bxe5 23. dxe5 f6 24. Bd4 Kf7 25. Re1 Bd7
26. Bc3 f5 27. Rcd1 Be6 28. Rd4 b5 29. a3 a4 30. f3 Ra7 31. Kf2 Rc4 32. Rxc4
dxc4 33. Rd1 Rd7 34. Rd6 Rxd6 35. exd6 g5 36. Ke3 g6 37. Kd4 g4 1/2-1/2

[Event "Masters' trophy"]
[Site "Brussels"]
[Date "1987.12.??"]
[Round "4"]
[White "Flear, Glenn Curtis"]
[Black "Pein, Malcolm Bernard"]
[Result "1-0"]
[WhiteElo "2480"]
[BlackElo "2385"]
[WhiteTitle "GM"]
[Source "365chess.com"]
[EventDate "1987.12.20"]
[BlackTitle "IM"]

1. d4 Nf6 2. c4 g6 3. Nc3 d5 4. Nf3 Bg7 5. Qb3 dxc4 6. Qxc4 O-O 7. e4 Na6
8. Be2 c5 9. d5 e6 10. Bg5 h6 11. Bxf6 Qxf6 12. e5 Qd8 13. d6 Bd7 14. O-O Qa5
15. a3 Rab8 16. Qf4 Bc6 17. Rfe1 b5 18. Ne4 c4 19. Nf6+ Kh8 20. Nd4 Qb6 21. Bf3
Bxf3 22. Nd7 g5 23. Qe3 Qb7 24. Nxb8 Nxb8 25. Nxf3 Nd7 26. Qd4 Rc8 27. Rad1 Rc5
28. h4 c3 29. bxc3 Rc4 30. Qe3 g4 31. Nd2 Ra4 32. Ne4 Qc8 33. Nf6 Nb6 34. d7 Qd8
35. Qd3 Bxf6 36. exf6 Rf4 37. Rxe6 fxe6 38. Qg6 Rxf6 39. Qxf6+ Qxf6 40. d8=Q+
1-0

[Event "Masters' trophy"]
[Site "Brussels"]
[Date "1987.12.??"]
[Round "4"]
[White "Geenen, Marc"]
[Black "Sharif, Mehrshad"]
[Result "0-1"]
[WhiteElo "2295"]
[BlackElo "2440"]
[Source "365chess.com"]
[EventDate "1987.12.20"]
[BlackTitle "IM"]

1. e4 e5 2. Nf3 Nc6 3. Bb5 Nf6 4. O-O Nxe4 5. d4 Be7 6. Qe2 Nd6 7. Bxc6 bxc6
8. dxe5 Nb7 9. c4 O-O 10. Nc3 f6 11. Be3 fxe5 12. Nxe5 Bf6 13. Nd3 Nd6 14. Nc5
Nf5 15. N5e4 d6 16. Rfd1 Bxc3 17. Nxc3 Qh4 18. b3 Rf6 19. g3 Qh3 20. Ne4 Rf8
21. f3 Nxe3 22. Qxe3 Qh5 23. g4 Qg6 24. Rf1 Bd7 25. Qg5 Qf7 26. Rae1 h6 27. Qh4
Rae8 28. Qg3 c5 29. Nc3 Bc6 30. f4 Qf6 31. Qf2 Qxc3 32. f5 Qd4 0-1

[Event "Masters' trophy"]
[Site "Brussels"]
[Date "1987.12.??"]
[Round "4"]
[White "Gutman, Lev"]
[Black "Hergott, Deen"]
[Result "1-0"]
[WhiteElo "2475"]
[BlackElo "2305"]
[WhiteTitle "GM"]
[Source "365chess.com"]
[EventDate "1987.12.20"]

1. c4 g6 2. g3 Bg7 3. Bg2 e5 4. Nc3 Nc6 5. d3 d6 6. Bd2 Nge7 7. Rc1 Nd4 8. Nf3
Nxf3+ 9. Bxf3 c6 10. O-O O-O 11. Qb3 f5 12. Bg2 f4 13. Ne4 Nf5 14. Qd1 Bh6
15. Re1 Be6 16. e3 fxe3 17. fxe3 b6 18. Nf2 d5 19. cxd5 cxd5 20. d4 e4 21. Ng4
Bg7 22. Rf1 h5 23. Ne5 Bxe5 24. dxe5 Qd7 25. Rf4 Rac8 26. Rxc8 Rxc8 27. g4 d4
28. gxf5 dxe3 29. fxe6 Qd4 30. Kh1 exd2 31. e7 Kg7 32. Rxe4 Qxb2 33. Bf3 Kf7
34. Qf1 Kxe7 35. Bd1 Rf8 36. Qd3 Rd8 37. Qb3 Qc1 38. Kg2 Qc6 39. Qc4 Qxc4
40. Rxc4 Ke6 41. Kf3 Kxe5 42. Ke3 Rd7 43. Rc6 Kf5 44. Bc2+ Kg4 45. Rxg6+ Kh3
46. Bd1 h4 47. Kf2 Kxh2 48. Rg2+ Kh1 49. Rg4 Rf7+ 50. Ke3 h3 51. Kxd2 Kh2
52. Be2 Re7 53. Bc4 Rd7+ 54. Kc3 Re7 55. Kb4 Re5 56. Rg7 a5+ 57. Ka4 Rc5 58. Rg4
Kh1 59. Bb5 Rc2 60. Kb3 Rc1 61. Bd3 Rc5 62. a4 Rh5 63. Kc3 Rh8 64. Kc4 Rc8+
65. Kb5 Rd8 66. Bf1 h2 67. Ka6 Rd7 68. Bc4 Rd6 69. Kb7 b5 70. axb5 a4 71. Kc7
Rd2 72. b6 a3 73. b7 a2 74. b8=Q 1-0

[Event "Masters' trophy"]
[Site "Brussels"]
[Date "1987.12.??"]
[Round "4"]
[White "Jadoul, Michel"]
[Black "Rajković, Dušan"]
[Result "0-1"]
[WhiteElo "2340"]
[BlackElo "2480"]
[WhiteTitle "IM"]
[Source "365chess.com"]
[EventDate "1987.12.20"]
[BlackTitle "GM"]

1. Nf3 Nf6 2. g3 d5 3. Bg2 c6 4. b3 Bg4 5. Bb2 e6 6. O-O a5 7. a3 Be7 8. d3 O-O
9. Nbd2 Nfd7 10. c4 Bf6 11. Qc2 Na6 12. Rac1 h6 13. Rfe1 Re8 14. Bxf6 Qxf6
15. e4 dxe4 16. Nxe4 Qe7 17. c5 Red8 18. d4 Bxf3 19. Bxf3 Nf6 20. Nd6 Ne8
21. Nxe8 Qxe8 22. Qe4 Nc7 23. Be2 Qe7 24. Bc4 Qf6 25. Rcd1 Nd5 26. Rd3 Ne7
27. Red1 Rd7 28. g4 Rad8 29. Rf3 Qg6 30. Qe5 Qxg4+ 0-1